Estructura de la competencia política en España 1986-2000 /
Uloženo v:
| Hlavní autor: | |
|---|---|
| Další autoři: | |
| Médium: | Text |
| Témata: | |
| Tagy: |
Přidat tag
Žádné tagy, Buďte první, kdo vytvoří štítek k tomuto záznamu!
|
MARC
| LEADER | 00000 a a2200000 04500 | ||
|---|---|---|---|
| 001 | 18919 | ||
| 003 | |||
| 040 | |||
| 100 | |a Molas, Isidre | ||
| 245 | |a Estructura de la competencia política en España 1986-2000 / |c Isidre Molas ; Oriol Bartomeus | ||
| 650 | |a ELECCIONES | ||
| 650 | |a IDEOLOGIAS POLITICAS | ||
| 650 | |a PARTIDOS POLITICOS | ||
| 650 | |a ESPAÑA | ||
| 700 | |a Bartomeus, Oriol | ||
| 773 | |g número 15; páginas 17-42 | ||
| 999 | |c 33079 |d 33079 | ||
